000 00659nmm a2200205Ia 4500
008 251105s9999||||xx |||||||||||||||||und||
020 _a9788437088839
041 _aspa
100 _aMoreta Velayos, Salustiano
245 0 _aLibro de Margery Kempe :
_b La mujer que se reinventó a sí misma
264 _a[Madrid, España] :
_bPublicaciones de la Universidad de Valencia (PUV),
_c2012
300 _a288 páginas
490 _aHistoria
650 _aBiography
700 _aMoreta Velayos, Salustiano
700 1 _a Moreta Velayos, Salustiano
700 1 _a Kempe, Margery
856 _uhttps://public.digitaliapublishing.com/a/34862
942 _cCF
999 _c69073
_d69073